00587nam a2200181 i 4500001001100000003000500011005001700016008004100033040002500074082001500099245009300114264005000207300004100257336002100298337002500319338002300344650003800367C2-0274320PPAK20180728003412.0060921s1956 my a|||| ||||| | may d aPPAKbengcPPAKerda04a796.0722300aTamasha Sports Agong Tahunan Sekolah - Sekolah Melayu Perak Kali Yang Pertama Tahun 1956 1aPerak : b[publisher not identified] , c1956 a12 pages : billustrations ; c19 cm 2rdacontentatext 2rdamediaaunmediated 2rdacarrieravolume10aPhysical - Education and Traning.